00563nam a2200205 a 4500001001300000003000900013005001700022008004100039020001000080082001600090100002300106245006200129260002600191300000900217500003500226505001700261650002000278650003600298700002300334nice12345678IN_TiNIC20260116013557.0050524s1983 agra grp 000 0 eng  ac15000a891.21bMIS aMisra, Vidya Niwas aIndian Poetic Traditionb Selected Readings from Sanskrit aAgrabY.K. Pub.c1983 a208p aincludes index and biblioraphy2 aBibliography aSanskrit-Poetry aIndia-Poetry English Tranlation1 aMisra, Vidya Niwas